00789nam a2200241Ia 4500008004100000040001400041082002100055100002000076245002200096260004300118300001800161365002600179366000800205505002200213530003000235620005300265630002200318650002100340730002200361942000900383999001900392952013600411100315s9999 xx 000 0 und d cENGLISH  b10026 a301.1  a"Brown, Roger " aSocial Psychology aLondon bCollier Macmillan  c1965  a"xxiv,785  " eRupees d1 b0.00  f0  gVaibhav Gaikwad  bDonated By RBI Library   a"Social Psychology, Social Science, RBI Book, " aSocial Psychology aSocial Science  aSocial Psychology cBOOK c484760d484757 00104070aVPMBRIMSbVPMBRIMSd2009-07-05g0.00l0o301.1 /BRO  10026 pVPMBRIMS-10026 r2010-03-19 00:00:00w2010-03-19yBOOK